00000000nam##2200000za#4500
0019.614916
003CaOODSP
00520200706133926
007ta
008150406|1999||||xxc|||||     f|0| 0 eng|d
020 |a0-660-17869-9
022 |a1200-5223
040 |aCaOODSP|beng
043 |an-cn---
0861 |aCS11-0019/124E
24500|aNew views on inequality trends in Canada and the United States / |cby Michael C. Wolfson and Brian Murphy.
260 |aOttawa - Ontario : |bStatistics Canada. |c1999.
300 |a31p. : |bgraphs, references, tables ; |c28 cm.
4901 |aResearch paper series|x1200-5223|vNo. 124
500 |a"This article addresses such conventional wisdom by focusing on a comparison of income inequality in Canada, and the United States over the past two decades. Given the similarity of the two countries' societies, as well as their close and growing economic integration, with the highest level of bilateral trade of any two countries in the world, this comparison provides an opportunity to assess the possible impact of globalization on the convergence of income inequality."--Page 2.
5203 |aThis article addresses such conventional wisdom by focusing on a comparison of income inequality in Canada, and the United States over the past two decades. Given the similarity of the two countries' societies, as well as their close and growing economic integration, with the highest level of bilateral trade of any two countries in the world, this comparison provides an opportunity to assess the possible impact of globalization on the convergence of income inequality.--Page 2
563 |aSoftcover
590 |a99-49|b1999-12-10
7102 |aStatistics Canada. |bAnalytical Studies Branch.
7201 |aWolfson, Michael C.
7201 |aMurphy, Brian
77508|tUne nouvelle perspective des tendances de l'inégalité des revenue au Canada et aux États-Unis / |w(CaOODSP)9.625104
7760#|tNew views on inequality trends in Canada and the United States / |w(CaOODSP)9.574632
830#0|aResearch paper series,|x1200-5223|vNo. 124|w(CaOODSP)9.514463